[Event "Marseille op 4th"]
[Site "Marseille"]
[Date "2011.12.26"]
[Round "2"]
[White "Lagarde, Benjamin"]
[Black "Bertrand, Nicolas"]
[Result "1-0"]
[WhiteElo "1713"]
[BlackElo "1460"]
[PlyCount "81"]
[EventDate "2011.12.26"]
[EventType "swiss"]
[EventRounds "9"]
[EventCountry "FRA"]
[SourceTitle "CBM 146 Extra"]
[Source "ChessBase"]
[SourceDate "2012.02.29"]
[SourceVersion "1"]
[SourceVersionDate "2012.02.29"]
[SourceQuality "1"]

1. e4 e5 2. Nc3 Nf6 3. g3 g6 4. Bg2 Bg7 5. Nge2 Nc6 6. 0-0 0-0 7. d3 d6 8. h3 Nd7 9. g4 Nb6 10. Ng3 Be6 11. f4 exf4 12. Bxf4 Qh4 13. Nce2 Bxb2 14. Rb1 Bg7 15. Qd2 Qd8 16. Bh6 Bxa2 17. Rbd1 Be6 18. Bxg7 Kxg7 19. Nf5+ Bxf5 20. exf5 Qh4 21. f6+ Kg8 22. Ng3 Nd7 23. Ne4 Rae8 24. g5 Re5 25. Rf4 Qh5 26. h4 Nd4 27. Re1 Rf5 28. Ng3 Nf3+ 29. Bxf3 Qxf3 30. Rxf3 Rxf3 31. Kg2 Rxg3+ 32. Kxg3 Ne5 33. h5 gxh5 34. Rxe5 dxe5 35. Qe2 Ra8 36. Qxh5 Kh8 37. Qxf7 Rg8 38. Kh4 a5 39. Qxc7 a4 40. Qxe5 h6 41. f7+ 1-0

[Event "Marseille op 3rd"]
[Site "Marseille"]
[Date "2010.12.26"]
[Round "1"]
[White "Lagarde, Benjamin"]
[Black "Riff, Jean Noel"]
[Result "0-1"]
[WhiteElo "1721"]
[BlackElo "2514"]
[PlyCount "76"]
[EventDate "2010.12.26"]
[EventType "swiss"]
[EventRounds "9"]
[EventCountry "FRA"]
[SourceTitle "CBM 140 Extra"]
[Source "ChessBase"]
[SourceDate "2011.03.01"]
[SourceVersion "1"]
[SourceVersionDate "2011.03.01"]
[SourceQuality "1"]

1. e4 c5 2. Nc3 Nc6 3. g3 g6 4. Bg2 Bg7 5. Nge2 Rb8 6. a4 a6 7. 0-0 b5 8. axb5 axb5 9. d3 b4 10. Nd5 e6 11. Ne3 Nge7 12. f4 f5 13. exf5 gxf5 14. g4 fxg4 15. Ng3 h5 16. f5 Bd4 17. fxe6 dxe6 18. Ne4 Nf5 19. Qe2 0-0 20. Kh1 Nce7 21. c3 Bg7 22. Nxf5 Nxf5 23. Bg5 Qb6 24. Nf2 bxc3 25. bxc3 Bxc3 26. Nxg4 hxg4 27. Qxg4 Bg7 28. Rae1 Bb7 29. Be4 Qb2 30. Rg1 Rf7 31. Re2 Qd4 32. h4 Qxd3 33. h5 Bxe4+ 34. Rxe4 Rb1 35. Ree1 Ng3+ 36. Kh2 Rf2+ 37. Rg2 Rxg2+ 38. Kxg2 Rxe1 0-1

[Event "FRA-ch Accession"]
[Site "Besancon"]
[Date "2006.08.24"]
[Round "9"]
[White "Perradin, Vincent"]
[Black "Lagarde, Benjamin"]
[Result "1-0"]
[WhiteElo "1690"]
[BlackElo "1580"]
[PlyCount "59"]
[EventDate "2006.08.15"]
[EventType "swiss"]
[EventRounds "10"]
[EventCountry "FRA"]
[SourceTitle "CBM 113 Extra"]
[Source "ChessBase"]
[SourceDate "2006.09.14"]
[SourceVersion "1"]
[SourceVersionDate "2006.09.14"]
[SourceQuality "1"]

1. e4 c5 2. Nf3 Nc6 3. d4 cxd4 4. Nxd4 Nf6 5. Nc3 g6 6. f3 Bg7 7. Be3 0-0 8. Qd2 Re8 9. 0-0-0 a6 10. Be2 Qa5 11. Nb3 Qc7 12. g4 b5 13. h4 Na5 14. h5 Nxb3+ 15. axb3 b4 16. Na4 Bb7 17. Bh6 Rac8 18. Bxg7 Nxe4 19. fxe4 Bxe4 20. Bd3 Bxh1 21. Rxh1 Qc6 22. Qh2 Kxg7 23. hxg6 Rh8 24. gxh7 Qe6 25. Qd2 Qf6 26. g5 Qf3 27. Qh2 Qe3+ 28. Kb1 f6 29. Qh6+ Kf7 30. g6+ 1-0